000 00742nam a22001811 4500
001 agr09002118
003 DLC
005 20260227110929.0
008 780425s1867 paua 000 0 eng c
010 _aagr09002118
040 _aLibrary, U.S. Dept. of Agriculture
_cWMaUCS
_dDLC
070 0 _a67St4S
100 1 _aStewart, F. L.
245 1 0 _aSorghum and its products.
_bAn account of recent investigations concerning the value of sorghum in sugar production, together with a description of a new method of making sugar and refined syrup from this plant. Adapted to common use.
_cBy F. L. Stewart.
260 _aPhiladelphia,
_bJ. B. Lippincott & co.,
_c1867.
300 _axiv, [15]-240 p.
_bfold. front., illus.
_c20 cm.
650 0 _aSorghum.
999 _c7711
_d7711